000 01063cam a2200349 i 4500
001 20855
003 CO-MdFUSB
005 20221121115900.0
008 160929t2001 xxu||||| |||| 00| 0 eng d
020 _a0-8066-2402-7
040 _aCO-MdFUSB
_bEspañol
_cCO-MdFUSB
_dCO-MdFUSB
_erda
041 _aeng
082 _224
_aG 226.207
_bL979m
100 1 _aLuz, Ulrich
_eautor
240 _aDas evangelium nach Matthaus
245 1 0 _aMatthew 8-20 :
_bA commentary
_c / Ulrich Luz ;
264 1 _aMinneapolis, Minnesota :
_bFortress Press,
_c1989
264 4 _c©2001
300 _axxxvii, 605 páginas
_c;
336 _2rdacontent
_atexto
_btxt
337 _2rdamedia
_asin mediación
_bn
338 _2rdacarrier
_avolumen
_bnc
505 _aComentario sobre Mateo 8-20
563 _aPasta dura
650 7 _9404
_aBiblia .N.T
_vMateo.
_xCrítica, interpretación, etc.
653 _aBiblia N.T. -- Mateo
653 _aComentarios
720 _aCrouch, James E.
_etraductor
942 _cBK
945 _aJTF-925
999 _c47206
_d47206